[Event "Mittelfrankenliga-B2b 0607"]
[Site "Mittelfranken"]
[Date "2007.01.28"]
[Round "5.7"]
[White "Koller, Manfred"]
[Black "Dereser, Marc"]
[Result "0-1"]
[WhiteElo "1593"]
[BlackElo "1822"]
[PlyCount "66"]
[EventDate "2006.10.22"]
[EventType "team-tourn"]
[EventRounds "9"]
[EventCountry "GER"]
[SourceTitle "EXT 2011"]
[Source "ChessBase"]
[SourceDate "2010.11.26"]
[SourceVersion "1"]
[SourceVersionDate "2010.11.26"]
[SourceQuality "1"]
[WhiteTeam "Cadolzburg"]
[BlackTeam "Nuernberg SK 1911 II"]
[WhiteTeamCountry "GER"]
[BlackTeamCountry "GER"]

1. e4 c5 2. Nf3 d6 3. d4 cxd4 4. Nxd4 Nf6 5. Nc3 a6 6. Be2 e6 7. Be3 Be7 8. 0-0 b5 9. a3 Bb7 10. f3 Qc7 11. Ncxb5 axb5 12. Nxb5 Qc6 13. c4 0-0 14. b4 Nbd7 15. Nd4 Qc7 16. Qb3 Ne5 17. Rfc1 Rfb8 18. a4 Qd8 19. Qc3 Rc8 20. Qb3 Rab8 21. a5 Ba6 22. b5 d5 23. exd5 exd5 24. Nf5 dxc4 25. Bxc4 Nxc4 26. Rxc4 Rxc4 27. Qxc4 Bxb5 28. Qf4 Bf8 29. a6 Bxa6 30. Qg3 Kh8 31. Bd4 Bd3 32. Bxf6 gxf6 33. Rd1 Qb6+ 0-1

[Event "Mittelfrankenliga-B2b 0607"]
[Site "Mittelfranken"]
[Date "2006.11.12"]
[Round "2.8"]
[White "Koller, Manfred"]
[Black "Margraf, Matthias"]
[Result "0-1"]
[WhiteElo "1593"]
[BlackElo "1752"]
[PlyCount "62"]
[EventDate "2006.10.22"]
[EventType "team-tourn"]
[EventRounds "9"]
[EventCountry "GER"]
[SourceTitle "EXT 2011"]
[Source "ChessBase"]
[SourceDate "2010.11.26"]
[SourceVersion "1"]
[SourceVersionDate "2010.11.26"]
[SourceQuality "1"]
[WhiteTeam "Cadolzburg"]
[BlackTeam "Buechenbach/Roth II"]
[WhiteTeamCountry "GER"]
[BlackTeamCountry "GER"]

1. e4 e6 2. d4 d5 3. exd5 exd5 4. Nf3 Bd6 5. Bd3 Ne7 6. Nc3 c6 7. Bd2 Bf5 8. Bxf5 Nxf5 9. Qe2+ Qe7 10. Qxe7+ Kxe7 11. 0-0 Na6 12. a3 f6 13. g4 Nh6 14. Bxh6 gxh6 15. Nh4 Rhg8 16. h3 h5 17. Nf5+ Kd7 18. Nxd6 Kxd6 19. f3 f5 20. Rae1 hxg4 21. fxg4 Raf8 22. Kh2 fxg4 23. Rxf8 Rxf8 24. Re2 gxh3 25. Kxh3 Nc7 26. Nd1 Ne6 27. Rd2 Rf3+ 28. Kg2 Rf4 29. c3 h5 30. Nf2 Ng5 31. Nh3 Rg4+ 0-1